Το πολιτικό έργο του Χαρίλαου Τρικούπη

Αποθηκεύτηκε σε:
Λεπτομέρειες βιβλιογραφικής εγγραφής
Κύριος συγγραφέας: Γιαννόπουλος, Γιάννης
Συγγραφή απο Οργανισμό/Αρχή: Βουλή των Ελλήνων
Μορφή: Βιβλίο
Γλώσσα:Greek
Δημοσίευση: Αθήνα : Βουλή των Ελλήνων, 1996
Θέματα:
Ετικέτες: Προσθήκη ετικέτας
Δεν υπάρχουν, Καταχωρήστε ετικέτα πρώτοι!

MARC

LEADER 00000nam a2200000 i 4500
001 1/10633
008 000904s1996 gre d
035 |l 10063506 
040 |a GR-MY-UA  |b gre  |e aacr 
041 0 |a gre 
082 0 |a 920 
100 1 |a Γιαννόπουλος, Γιάννης. 
245 1 3 |a Το πολιτικό έργο του Χαρίλαου Τρικούπη /  |c Γιάννη Γιαννόπουλου 
246 3 3 |a Μνήμη Χαρίλαου Τρικούπη (1832-1896): εκατό χρόνια από το θάνατό του 
260 |a Αθήνα :   |b Βουλή των Ελλήνων,   |c 1996 
300 |a 32 σ.;  |c 24 cm 
500 |a Ανω του τίτλου: Μνήμη Χαρίλαου Τρικούπη (1832-1896), εκατό χρόνια από το θάνατό του 
600 1 0 |a Τρικούπης Χαρίλαος  |d 1832-1896. 
650 0 0 |a Prime ministers  |z Greece. 
710 2 |a Βουλή των Ελλήνων. 
852 |a INST  |b RHODES  |e 20000904  |h 920 ΓΙΑ  |p 005400013483  |q 005400013483  |t BK  |y 0 
852 |a INST  |b RHODES  |e 20020911  |h 920 ΓΙΑ  |p 005400016175  |q 005400016175  |t BK  |y 0 
901 |a BIBL4-2000-2 
909 |a Ρ  |b 073796 
909 |a Ρ  |b 101345 
922 |a 4ΔΩΡ  |b 200004 
970 |z 2000/08/ΧΡΥΣΑΝΘΗ